000 00894nam a2200277 i 4500
001 C2-0331005
003 PPAK
005 20180728131505.0
008 150525s2015 my a|||| ||||| | eng d
020 _a9789673253166
040 _aPPAK
_beng
_cPPAK
_erda
082 0 4 _a507.6
_223
090 0 0 _a507.6
_bSCI
_dR
245 0 0 _aScience form 1, 2 & 3
264 1 _aPuchong, Selangor :
_bPNI Neuron (M) Sdn. Bhd. ,
_c2015
300 _a248 pages :
_bcolour illustrations ;
_c26 cm
336 _2rdacontent
_atext
337 _2rdamedia
_aunmediated
338 _2rdacarrier
_avolume
490 1 _aPembelajaran holistik PPPM & PT3
500 _aIncludes questions and answers
650 1 0 _aScience - Study and teaching. ; Science - Problems, exercises, etc. ; Science - Examinations, questions, etc.
700 _eauthor
830 0 _aPembelajaran holistik PPPM & PT3
942 _ddc
_cB
999 _c129774
_d129774